000 00307nam a22001337a 4500
008 170830b xxu||||| |||| 00| 0 eng d
020 _a9780495569428
041 _aeng
080 _24TH
_a070
100 _a40
101 _aMED
245 _aMANAGEMENT OF ELECTRONIC MEDIA
_cALBARRAN,A.B
942 _2udc
_cBK
999 _c25639
_d25639